| 000 | 00336nam a22001457a 4500 | ||
|---|---|---|---|
| 003 | MACL | ||
| 005 | 20190908151201.0 | ||
| 008 | 190908b xxu||||| |||| 00| 0 eng d | ||
| 040 | _cMACL | ||
| 100 |
_aBedi, Susham _976602 |
||
| 245 | _aDrop by Drop | ||
| 260 |
_aDelhi _bVijaya Books _c2018 |
||
| 650 |
_aNovel _976603 |
||
| 942 |
_2ddc _cBK |
||
| 999 |
_c60972 _d60972 |
||